000 01379nam a22003737a 4500
003 CHAP
005 20220329143707.0
008 110204s2008 mx r 00010 spa d
010 _a100442
011 _a101414
035 _a112102
040 _cCHAP
090 _aTesis
100 1 _aPolanco Mendoza, Juan Carlos
_990198
245 1 0 _aPatogeniocidad de aislamiento nativos de hongos entomopatógenos sobre el complejo gallina ciega (Coleoptera: melolonthidae) de los Altos de Chiapas, México
_c/por Juan Carlos Polanco Mendoza
260 _aTuxtla Gutiérrez, Chiapas, Méx. :
_bEl autor,
_c2008
300 _avii, 64 h. :
_cilus.
502 _aTesis (Lic. en Biologia) -- UNICACH. Facultad en Ciencias Biologicas
590 _aALEPH
_b10
_c20130110
_lUCH01
_h1539
590 _aBATCH-UPD
_b10
_c20130110
_lUCH01
_h1004
590 _aBATCH-UPD
_b10
_c20130410
_lUCH01
_h0614
590 _aBATCH-UPD
_b10
_c20130914
_lUCH01
_h1007
590 _aCONVERSION
_b10
_c20130109
_lUCH01
_h1355
650 1 4 _aColeópteros
_xVariedades.
_925125
650 1 4 _aControl de plagas.
_927595
650 1 4 _aHongos patógenos.
_956136
650 1 4 _aInsectos
_xLarvas.
_958932
650 1 4 _aMaíz
_zChiapas.
_971091
650 1 4 _aSeparación.
_9104461
901 _aBK
911 _aen proceso
942 _cTESIS
949 _aTesis
_bBC
_cTES
_d33724002233116
_eTS1
_gDonaciØn
_h51922
_i112102
_sb
999 _c100442
_d100442